00378nam a2200133 a 4500008004100000050001500041100002200056245004000078246004500118260004000163300001500203350000900218700001700227120416s1995 ||||||||||||||||| || u aIBRD(08)DP aBorish, Michael S10aRestructuring banks and enterprises arecent lessons from transition countries aWashington, D. C.bWorld Bankc1995 aviii, 73p. a0.00 aNoel, Michel